00681nam a2200217Ia 4500003000900000008004100009040001300050040001300063041000900076100001900085245005600104250001000160260003700170260000900207300000800216490000600224600001100230942000700241999001700248952019800265IT-RoPAU120407s9999 xx 000 0 und d aIT-RoPAU cIT-RoPAU alat  aXaverius Ochoa aLeges ecclesiae post Codicem iuri canonici editae.  aRoma  aInstitutum Iuridicum Claretianum c1966 c cm v1 aVoll.5 cBK c13890d13890 00102ddc406262_80000000000000071aPAULUSbPAULUSd2012-04-11l0o262.80r2012-04-11 00:00:00w2012-04-11yBKzInserito da: Marisa In data: 04 ottobre 2011 fondo: Via A.Severo 56 Progr:23955